| 000 | 00874nam a2200253Ia 4500 | ||
|---|---|---|---|
| 999 |
_c65322 _d65322 |
||
| 005 | 20240530110818.0 | ||
| 008 | 140319s1995 au a f b 000 0 ara d | ||
| 017 | _bمصر. دار الكتب | ||
| 040 |
_aGCL / _cGCL |
||
| 082 | 0 | 4 |
_221 _a722.5 / _bس و |
| 100 | 0 | _aسلمى سمر الدملوجى | |
| 245 | 1 | 0 |
_aوادى حضر موت : _bهندسة العمارة الطينية : مدينتا شبام وتريم |
| 250 | _aط.1 | ||
| 260 |
_aالقاهرة : _bالمؤلف، _c1995 |
||
| 300 |
_a496 ص. : _bايض. ؛ _c30 سم. |
||
| 650 | 0 | 7 |
_aالفن الاسلامى _2qrmak |
| 650 | 0 | 7 | _aالعمارة الطينية |
| 650 | 0 | 7 |
_aالعمارة الاسلامية _2qrmak |
| 650 | 0 | 7 |
_aالفن الحديث _2qrmak |
| 651 | 0 | 7 |
_2qrmak _aشبام |
| 651 | 0 | 7 | _aتريم |
| 942 |
_2ddc _cBK |
||